000
00204nam a2200097Ia 4500
008
230605s9999 xx 000 0 und d
041
_a
eng
100
_a
Kasu
245
_a
Interior design
650
_a
H.K.
999
_c
417185
_d
417185